Delinquency in society : (Record no. 136073)

MARC details
000 -LEADER
fixed length control field 01017cam a2200277 a 4500
003 - CONTROL NUMBER IDENTIFIER
control field OSt
005 - DATE AND TIME OF LATEST TRANSACTION
control field 20251117105120.0
008 - FIXED-LENGTH DATA ELEMENTS--GENERAL INFORMATION
fixed length control field
020 ## - INTERNATIONAL STANDARD BOOK NUMBER
International Standard Book Number 9780073401546 (paperback.)
040 ## - CATALOGING SOURCE
Transcribing agency NUST
Original cataloging agency NUST
Language of cataloging eng
Modifying agency NUST
Description conventions rda
050 ## - LIBRARY OF CONGRESS CALL NUMBER
Classification number HV9104 REG
100 1# - MAIN ENTRY--PERSONAL NAME
Personal name Regoli, Robert M.
245 10 - TITLE STATEMENT
Title Delinquency in society :
Remainder of title youth crime in the 21st century /
Statement of responsibility, etc. Robert Regoli, John D. Hewitt [and] Matthew DeLisi.
250 ## - EDITION STATEMENT
Edition statement Seventh edition
260 ## - PUBLICATION, DISTRIBUTION, ETC.
Place of publication, distribution, etc. Boston :
Name of publisher, distributor, etc. McGraw-Hill Higher Education,
Date of publication, distribution, etc. ©2008.
300 ## - PHYSICAL DESCRIPTION
Extent xix, 620 pages. :
Other physical details ill. ;
Dimensions 25 cm.
336 ## - CONTENT TYPE
Source rdacontent
Content type term text
Content type code txt
337 ## - MEDIA TYPE
Source rdamedia
Media type term unmediated
Media type code n
338 ## - CARRIER TYPE
Source rdacarrier
Carrier type term volume
Carrier type code nc
504 ## - BIBLIOGRAPHY, ETC. NOTE
Bibliography, etc. note Includes bibliographical references.
650 #0 - SUBJECT ADDED ENTRY--TOPICAL TERM
Topical term or geographic name entry element Juvenile delinquency
Geographic subdivision United States.
650 #0 - SUBJECT ADDED ENTRY--TOPICAL TERM
Topical term or geographic name entry element Juvenile justice, Administration of
Geographic subdivision United States.
700 1# - ADDED ENTRY--PERSONAL NAME
Personal name Hewitt, John D.
700 1# - ADDED ENTRY--PERSONAL NAME
Personal name DeLisi, Matt.
942 ## - ADDED ENTRY ELEMENTS (KOHA)
Koha item type Ordinary Loan Books
Call number prefix HV9104
Call number suffix REG
Source of classification or shelving scheme Library of Congress Classification
Edition Seventh Edition
Classification part HV9104 REG
Suppress in OPAC No
Holdings
Withdrawn status Lost status Source of classification or shelving scheme Damaged status Not for loan Collection Home library Current library Shelving location Date acquired Source of acquisition Cost, normal purchase price Total Checkouts Full call number Barcode Date last seen Accession number Cost, replacement price Price effective from Koha item type Public note
    LCC   1 NFIC MAIN MAIN GEN 11/17/2025 Book Aid International 80.00   HV9104 REG 92004016113 01/23/2023 38351 80.00 11/17/2025 BOOKS Donation
    LCC   1 NFIC MAIN MAIN GEN 11/17/2025 Book Aid International 80.00   HV9104 REG 92004016223 11/17/2025 38897 80.00 11/17/2025 BOOKS Donation
    LCC   1 NFIC MAIN MAIN GEN 11/17/2025 Book Aid International 80.00   HV9104 REG 92004016036 11/17/2025 38348 80.00 11/17/2025 BOOKS Donation